00911nam a22002297a 4500003000800000008004100008037000800049039004300057040003500100041000800135080001300143100002800156245018700184260004500371300002200416500011600438650003800554655002300592700003600615942001300651999001700664BI-BuBU251031b2025 bd fr|||| 000 0 fre d bDon a20251031111117.0bAugustin Mukezamfura aBI-BuBUbfrecBI-BuBUdBI-BuBU0 afre a004.455.1 4aut.aNiyongabo, Syldie10aConception et développement d'une application web de gestion de la ''Société coopérative Umushinge w'Ubuzima'' SOCOU-UcSyldie Niyongabo ; Jérémie Ndikumagenge, directeur aBujumburabUniversité du Burundic2025 aXII-64 f.c30 cm. aMémoire présenté et soutenu publiquement en vue de l'obtention du grade de master en Génie Informatique7 2BI-BuBUaLogicielxServeur client7 2BI-BuBUaMémoire1 4dir.aNdikumagenge, Jérémie 2udccMEM c52888d52888